000 00699nam a2200241 i 4500
001 C2-0282950
003 PPAK
005 20180728013203.0
008 071106s2006 nyua|||| ||||| | eng d
020 _a1404205055
040 _aPPAK
_beng
_cPPAK
_erda
082 0 4 _a191
_223
090 0 0 _a191
_bVIE
_dRLCK
100 1 _aViegas, Jennifer,
_eauthor
245 1 0 _aWilliam James :
_bAmerican philosopher, psychologist, and theologian
264 1 _aNew York :
_bRosen Central ,
_c2006
300 _a112 pages :
_billustrations ;
_c25 cm
336 _2rdacontent
_atext
337 _2rdamedia
_aunmediated
338 _2rdacarrier
_avolume
650 1 0 _aJames, William, 1842-1910
942 _ddc
_cB
999 _c89150
_d89150